000 00304nam a2200133Ia 4500
005 20260328104247.0
008 260328s9999||||xx |||||||||||||| ||und||
100 _aTroyat, Henri
245 0 _aEl Arquitecto /
_cHenri Troyat
260 _bUltramar
300 _a239 p.
650 _aTEORÍA
942 _cBK
999 _c10114
_d10114